000
00339nam a2200145Ia 4500
008
191201s2011 xx 000 0 und d
082
_a
658.87
_b
SCC
100
_a
SCHIFFMAN,Leon G
245
0
_a
Consumer Behavior
250
_a
9th
260
_a
N.Delhi
_b
Pearson Education
_c
2011
300
_a
486+misc
650
_a
MBA
942
_2
ddc
_c
BK
999
_c
2676
_d
2676